000114836 001__ 114836
000114836 005__ 20220606143946.0
000114836 037__ $$aGDOC-2021-28913
000114836 041__ $$aspa
000114836 041__ $$aeng
000114836 100__ $$0(orcid)0000-0002-0341-8408$$1408738$$aHugo Malón, Litago
000114836 24500 $$928913$$aMotores y máquinas
000114836 24200 $$928913$$aEngines and machines
000114836 260__ $$aZaragoza$$bUniversidad de Zaragoza$$c2021-2022
000114836 521__ $$9140$$aGraduado en Ingeniería Agroalimentaria y del Medio Rural$$bDegree in Rural and Agri-Food Engineering
000114836 540__ $$aby-nc-sa$$bCreative Commons$$c3.0$$uhttp://creativecommons.org/licenses/by-nc-sa/3.0/
000114836 700__ $$0(orcid)0000-0003-0373-8310$$1310741$$aMariano Vidal, Cortés
000114836 830__ $$9583
000114836 8564_ $$s14148$$uhttps://zaguan.unizar.es/record/114836/files/guia-28913-en.pdf$$yGuide (english)
000114836 8564_ $$s22799$$uhttps://zaguan.unizar.es/record/114836/files/guia-28913-es.pdf$$yGuía (idioma español)
000114836 970__ $$aGDOC-2021-28913
000114836 980__ $$aGDOC$$bEngineering and Architecture$$bIngeniería y Arquitectura$$c201